000 00300nam a22001457a 4500
003 SGT
082 _a616.01
_bM17B
100 _aBAVEJA, C.P.
245 _aMEDICAL PARASITOLOGY
250 _a4TH
260 _aINDIA
_bARYA PUB
_c2017
300 _a224
650 _aMICROBIOLOGY
942 _2ddc
_cBK
_06
999 _c14149
_d14149